[Event "34. Bayerische Senioren EM"]
[Site "Bergen im Chiemgau"]
[Date "2024.05.30"]
[Round "3.31"]
[White "Michalek, Barbara"]
[Black "Schießl, Hanns"]
[Result "1/2-1/2"]
[BlackElo "1753"]
[BlackTeam "FVS ASP Hoyerswerda"]
[EventDate "2024.??.??"]
[PlyCount "72"]
[WhiteElo "1891"]
[WhiteTeam "SK Lehrte"]

1. d4 d5 2. c4 dxc4 3. e3 b5 4. a4 c6 5. axb5 Qb6 6. Bxc4 cxb5 7. Bd5 Bb7 8.
Bxb7 Qxb7 9. Nf3 Nf6 10. O-O e6 11. Nc3 Bd6 12. Qe2 a6 13. Nd2 O-O 14. e4 Bb4
15. e5 Nd5 16. Nce4 Nd7 17. Nb3 a5 18. Bd2 a4 19. Bxb4 Nxb4 20. Nbc5 Nxc5 21.
Nxc5 Qc6 22. Rfc1 Nd5 23. Ne4 Qb6 24. Rc5 b4 25. Qg4 f5 26. exf6 Nxf6 27. Nxf6+
Rxf6 28. Qe4 Raf8 29. f3 Rf4 30. Qe3 Qd6 31. Rd1 Rh4 32. g3 Rh6 33. Re5 Rhf6
34. f4 b3 35. Rc1 Rb8 36. Ra5 Qb4  1/2-1/2

[Event "34. Bayerische Senioren EM"]
[Site "Bergen im Chiemgau"]
[Date "2024.05.30"]
[Round "3.32"]
[White "Sonntagbauer, Manfred"]
[Black "Küspert, Erwin"]
[Result "1/2-1/2"]
[BlackElo "1884"]
[BlackTeam "DJK-SV Schaibing"]
[EventDate "2024.??.??"]
[PlyCount "33"]
[WhiteElo "1645"]
[WhiteTeam "SV Almtal"]

1. d4 d6 2. Nf3 Bg4 3. e3 g6 4. Be2 Bg7 5. Nbd2 e5 6. dxe5 dxe5 7. h3 Be6 8. c3
c6 9. Ne4 Qxd1+ 10. Bxd1 Bf8 11. Nxe5 f6 12. Nd3 Nd7 13. Nf4 Bf7 14. Bb3 Bxb3
15. axb3 Kf7 16. Ke2 Re8 17. Rd1  1/2-1/2

[Event "34. Bayerische Senioren EM"]
[Site "Bergen im Chiemgau"]
[Date "2024.05.30"]
[Round "3.33"]
[White "Melchart, Siegfried"]
[Black "Jiritschka, Wolfgang"]
[Result "0-1"]
[WhiteElo "1477"]
[BlackElo "1882"]
[PlyCount "108"]
[EventDate "2024.??.??"]
[WhiteTeam "SF Bad Reichenhall"]
[BlackTeam "Bayer Leverkusen"]

{[%evp 0,108,11,-52,-54,-59,-57,-60,-1,-7,-17,-6,5,-10,3,2,12,-2,7,-1,7,10,12,
1,4,8,-3,-24,-28,-36,-41,-41,-30,-62,-60,-83,-67,-75,-71,-71,-72,-92,-86,-92,
-88,-88,-89,-114,-84,-89,-100,-91,-81,-86,-85,-78,-80,-95,-56,-92,-97,-105,-90,
-88,-101,-111,-110,-111,-117,-126,-122,-132,-126,-207,-128,-149,-128,-124,-106,
-97,-98,-99,-103,-145,-130,-174,-164,-203,-203,-219,-211,-221,-211,-211,-222,
-215,-207,-275,-275,-323,-327,-348,-361,-635,-699,-737,-904,-1171,-609,-837,
-998]} 1. b4 d5 2. Bb2 Nf6 3. e3 g6 4. Nf3 Bg7 5. c4 c6 6. Be2 O-O 7. O-O Bf5
8. Nc3 dxc4 9. Bxc4 Bd3 10. Bxd3 Qxd3 11. Ne5 Qd6 12. d4 Qxb4 13. Qc2 Nbd7 14.
Nd3 Qd6 15. h3 Rfd8 16. a4 e5 17. Nxe5 Nxe5 18. dxe5 Qxe5 19. Ne2 Qe4 20. Qb3
Rd7 21. Rfd1 Rad8 22. Rxd7 Rxd7 23. Bd4 Nd5 24. Bxg7 Kxg7 25. Rd1 Rc7 26. Nc3
Qb4 27. Qxb4 Nxb4 28. Ne4 c5 29. Nc3 b6 30. f3 Kf6 31. Kf2 Ke6 32. g4 Rd7 33.
Rxd7 Kxd7 34. Ne4 h6 35. h4 Ke6 36. f4 Nd3+ 37. Kf3 Nb2 38. Nc3 Nc4 39. e4 f6
40. Nb5 Nb2 41. Nc3 a6 42. Ke3 g5 43. hxg5 hxg5 44. Kf3 gxf4 45. Kxf4 Nd3+ 46.
Kf3 Ke5 47. Nd5 b5 48. axb5 axb5 49. Ke3 c4 50. Nc3 b4 51. Na2 b3 52. Nc3 Nc5
53. Kf3 b2 54. Ke3 Nxe4 0-1

[Event "34. Bayerische Senioren EM"]
[Site "Bergen im Chiemgau"]
[Date "2024.05.30"]
[Round "3.34"]
[White "Luef, Herbert"]
[Black "Langer, Raimund"]
[Result "1/2-1/2"]
[BlackElo "1637"]
[BlackTeam "SF Kirchhellen 50/72"]
[EventDate "2024.??.??"]
[PlyCount "48"]
[WhiteElo "1985"]
[WhiteTeam "TSV Ingolstadt Nord"]

1. e4 e5 2. Nf3 Nc6 3. Bb5 f5 4. d3 fxe4 5. dxe4 Nf6 6. Bxc6 bxc6 7. O-O d6 8.
Nc3 Be7 9. h3 O-O 10. Qd3 Qe8 11. Rd1 Kh8 12. Ne2 Nh5 13. Kh2 Qg6 14. Bd2 Bd7
15. Rg1 Nf4 16. Nxf4 exf4 17. Bc3 Bf6 18. Bxf6 Rxf6 19. Rad1 Qh5 20. Rh1 Raf8
21. Kg1 Rg6 22. Kf1 Bg4 23. Re1 Bxf3 24. gxf3 Qa5  1/2-1/2

[Event "34. Bayerische Senioren EM"]
[Site "Bergen im Chiemgau"]
[Date "2024.05.30"]
[Round "3.35"]
[White "Klein, Gernot"]
[Black "Desoye, Gernot"]
[Result "1/2-1/2"]
[BlackElo "1887"]
[BlackTeam "SF Graz AT"]
[EventDate "2024.??.??"]
[PlyCount "36"]
[WhiteElo "1834"]
[WhiteTeam "PTSV Aachen"]

1. e4 c5 2. Nf3 Nc6 3. Nc3 d6 4. d4 cxd4 5. Nxd4 e5 6. Nf3 Be7 7. Bc4 Be6 8.
Bxe6 fxe6 9. Be3 Nf6 10. Ng5 Qd7 11. Qf3 Nd4 12. Bxd4 exd4 13. Ne2 e5 14. Qb3
Bd8 15. O-O-O Ng4 16. Nh3 Qf7 17. Qb5+ Qd7 18. Qb3 Qf7  1/2-1/2

[Event "34. Bayerische Senioren EM"]
[Site "Bergen im Chiemgau"]
[Date "2024.05.30"]
[Round "3.36"]
[White "Frey, Peter"]
[Black "Thonig, Manfred"]
[Result "1-0"]
[BlackElo "1717"]
[BlackTeam "SC Wolfratshausen"]
[EventDate "2024.??.??"]
[PlyCount "45"]
[WhiteElo "1789"]
[WhiteTeam "SG Traunstein/Traunreut"]

1. b3 b6 2. Bb2 Bb7 3. c4 c5 4. Nc3 Nc6 5. Nf3 Nf6 6. Nd5 Nxd5 7. cxd5 Nb4 8. e4
d6 9. Bb5+ Bc6 10. dxc6 Qc7 11. a3 Nxc6 12. Qe2 e6 13. Rc1 Be7 14. Bxc6+ Qxc6
15. d4 Rg8 16. O-O Rc8 17. b4 Kd7 18. dxc5 bxc5 19. Rxc5 dxc5 20. Ne5+ Kc7 21.
Nxc6 Kxc6 22. Qa6+ Kd7 23. Rd1+  1-0

[Event "34. Bayerische Senioren EM"]
[Site "Bergen im Chiemgau"]
[Date "2024.05.30"]
[Round "3.37"]
[White "Blumenstock, Axel"]
[Black "Schleime, Franz-Josef"]
[Result "1-0"]
[WhiteElo "1885"]
[BlackElo "1774"]
[PlyCount "157"]
[EventDate "2024.??.??"]
[WhiteTeam "SF Taunus"]
[BlackTeam "SF Lennestadt-Meggen"]

{[%evp 0,151,14,11,60,60,60,55,60,48,69,46,51,12,9,3,67,51,78,43,40,55,34,29,
47,23,24,24,19,19,55,7,39,12,61,25,38,19,57,74,63,59,55,51,59,58,68,39,62,47,
71,61,70,25,13,31,7,4,-19,0,89,0,0,-22,0,11,0,27,0,0,30,13,18,24,30,36,33,38,
38,23,38,38,38,38,38,38,38,38,38,38,38,38,38,28,28,28,28,28,28,37,25,28,20,20,
20,25,73,17,29,29,34,32,33,40,55,35,55,55,163,185,185,205,181,53,81,109,93,98,
78,78,383,481,474,515,514,486,514,514,559,1041,1286,559,868,1219,1465,1529,
2032,672,1599,1288,1556,1242,1302,1750]} 1. e4 c5 2. Nc3 Nc6 3. Bb5 a6 4. Bxc6
bxc6 5. d3 d6 6. f4 Nf6 7. Nf3 Bg4 8. O-O e6 9. Qe1 Bxf3 10. Rxf3 Be7 11. b3
Qc7 12. Bd2 Nd7 13. Ne2 Bf6 14. c3 e5 15. f5 d5 16. Ng3 d4 17. c4 Bh4 18. Qc1
Bxg3 19. Rxg3 Rg8 20. Qa3 Qd6 21. Rh3 Rh8 22. Rb1 h6 23. Rg3 Rg8 24. Qc1 Nf6
25. b4 cxb4 26. c5 Qc7 27. Rxb4 Rb8 28. Qb2 Rxb4 29. Qxb4 Kd7 30. Qa3 Qb7 31.
Qb3 Qxb3 32. axb3 Nh5 33. Rf3 Rb8 34. b4 Nf6 35. h3 Ne8 36. Rf1 f6 37. Ra1 Nc7
38. Kf2 Ra8 39. Kg3 Ke7 40. Kh4 Kf7 41. Kh5 Rg8 42. g4 Rh8 43. Ra2 Ra8 44. Kh4
Nb5 45. Kg3 Nc7 46. h4 Rg8 47. Kf2 Rb8 48. Ra4 Rb5 49. g5 hxg5 50. hxg5 Rb8 51.
Ra1 Rh8 52. Kg3 Rh5 53. g6+ Ke7 54. Kg2 Rh8 55. Rh1 Rxh1 56. Kxh1 Nb5 57. Kg2
Na3 58. Kf2 Kd7 59. Bh6 Ke7 60. Bxg7 Nc2 61. Bh6 Nxb4 62. Ke2 a5 63. Bd2 Na6
64. Bxa5 Ke8 65. Bd8 Nxc5 66. Bxf6 Nd7 67. Bg5 Kf8 68. Bh6+ Kg8 69. Kf3 Nf6 70.
Bg5 Ne8 71. f6 Nd6 72. Kg4 c5 73. Bc1 c4 74. dxc4 Nxe4 75. Kf5 Nd6+ 76. Kxe5
Nxc4+ 77. Ke6 Ne3 78. Bd2 Nc4 79. Bh6 1-0

[Event "34. Bayerische Senioren EM"]
[Site "Bergen im Chiemgau"]
[Date "2024.05.30"]
[Round "3.38"]
[White "Königl, Anton"]
[Black "Riess, Michael"]
[Result "1-0"]
[BlackElo "1773"]
[BlackTeam "SC Ansbach"]
[EventDate "2024.??.??"]
[PlyCount "65"]
[WhiteElo "1881"]
[WhiteTeam "FC Ergolding"]

1. e4 d5 2. exd5 Nf6 3. d4 Nxd5 4. Nf3 Bf5 5. a3 e6 6. Bd3 Bxd3 7. Qxd3 Nd7 8.
O-O Be7 9. c4 N5f6 10. Nc3 O-O 11. Re1 Nc5 12. Qc2 Ncd7 13. Qe2 Re8 14. h3 h6
15. Be3 c6 16. Rad1 Qc7 17. Rc1 Bd6 18. Qd3 Bf4 19. Ne2 Bxe3 20. Qxe3 Qd6 21.
Ne5 Qf8 22. Qb3 Rab8 23. Ng3 Nxe5 24. dxe5 Nd7 25. Qc3 Qe7 26. Ne4 Red8 27. c5
b6 28. b4 b5 29. Rcd1 Nf8 30. Rd6 Rbc8 31. Red1 Ng6 32. g3 Qe8 33. Qd4  1-0

[Event "34. Bayerische Senioren EM"]
[Site "Bergen im Chiemgau"]
[Date "2024.05.30"]
[Round "3.39"]
[White "Rogun, Ulrich"]
[Black "Lindner, Helmut"]
[Result "0-1"]
[WhiteElo "1770"]
[BlackElo "1876"]
[PlyCount "78"]
[EventDate "2024.??.??"]
[WhiteTeam "FC Bayern München"]
[BlackTeam "SC Prichsenstadt"]

{[%evp 0,78,18,13,65,81,73,69,69,55,48,42,48,45,38,37,51,17,50,42,38,32,50,27,
16,0,-4,-2,3,-17,-11,-37,-42,-42,-57,-47,-14,-77,-20,-31,-44,-53,-47,-25,15,
-81,-80,-92,-90,-135,-137,-524,-532,-545,-549,-588,-597,-614,-618,-614,-638,
-679,-526,-535,-563,-578,-581,-645,-666,-801,-803,-840,-851,-855,-738,-29993,
-1128,-1072,-1537,-1568,-1602]} 1. e4 c6 2. d4 d5 3. e5 Bf5 4. Nc3 e6 5. Bd3
Bxd3 6. Qxd3 Nd7 7. Nf3 h6 8. Be3 Rc8 9. O-O Ne7 10. a3 Ng6 11. Ne2 Be7 12. Nf4
Nxf4 13. Bxf4 O-O 14. Rfe1 c5 15. Qd2 g5 16. Be3 cxd4 17. Qxd4 Bc5 18. Qd3 Kg7
19. b4 Bxe3 20. Rxe3 Qc7 21. c3 Qc4 22. Qxc4 Rxc4 23. Nd4 a6 24. Rae1 Rfc8 25.
Rc1 Rxd4 26. g3 Rdc4 27. Rf1 Rxc3 28. Rxc3 Rxc3 29. f4 Kg6 30. Kg2 g4 31. Ra1
Nb6 32. a4 Rb3 33. a5 Nc4 34. h3 Rb2+ 35. Kh1 gxh3 36. g4 Nd2 37. Rd1 Rb1 38.
Rxb1 Nxb1 39. Kh2 d4 0-1

[Event "34. Bayerische Senioren EM"]
[Site "Bergen im Chiemgau"]
[Date "2024.05.30"]
[Round "3.40"]
[White "Chochoy, Patrick"]
[Black "Huber, Herbert"]
[Result "1-0"]
[WhiteElo "1712"]
[BlackElo "1858"]
[PlyCount "93"]
[EventDate "2024.??.??"]
[WhiteTeam "Franconville"]
[BlackTeam "SK Wasserburg"]

{[%evp 0,93,14,18,60,69,59,0,11,29,88,34,20,16,16,4,12,15,26,2,2,24,26,25,34,
31,29,-8,13,30,40,33,41,50,51,46,54,16,29,28,33,27,23,19,34,31,58,-12,103,105,
108,86,181,169,268,15,1,2,62,0,8,8,0,-29,5,-70,-41,-35,-42,-14,-33,-50,28,45,
86,24,41,65,65,69,59,0,0,0,0,0,80,75,122,94,174,139,247,262,29991,29992]} 1. e4
c5 2. Nf3 Nc6 3. d4 cxd4 4. Nxd4 g6 5. c4 Nf6 6. Nc3 d6 7. Be2 Nxd4 8. Qxd4 Bg7
9. Bg5 O-O 10. Qd2 Be6 11. Rc1 Nd7 12. O-O Nc5 13. Bd3 a5 14. b3 Bd7 15. Nd5 f6
16. Be3 b6 17. Rcd1 Ra7 18. Bh6 Bc6 19. Bxg7 Kxg7 20. f4 e6 21. Nc3 Rd7 22. f5
exf5 23. exf5 Qa8 24. fxg6 hxg6 25. Qf2 d5 26. cxd5 Bxd5 27. Qg3 Nxd3 28. Rxd3
Be6 29. Rfd1 Qc6 30. Rxd7+ Bxd7 31. Qd3 Qc5+ 32. Kh1 Bf5 33. Qf3 Rc8 34. Ne2
Re8 35. Ng3 Qc2 36. Nxf5+ gxf5 37. Rd7+ Kf8 38. h4 Re1+ 39. Kh2 Qe4 40. Qxe4
fxe4 41. Rd6 Ke7 42. Rxb6 Re2 43. h5 Rd2 44. h6 Rd5 45. g4 e3 46. Rb7+ Kf8 47.
h7 1-0

[Event "34. Bayerische Senioren EM"]
[Site "Bergen im Chiemgau"]
[Date "2024.05.30"]
[Round "3.41"]
[White "Bartl, Bruno"]
[Black "Puhrer, Achim"]
[Result "1-0"]
[BlackElo "1707"]
[BlackTeam "SF Hoffenheim"]
[EventDate "2024.??.??"]
[PlyCount "57"]
[WhiteElo "1845"]
[WhiteTeam "SK Bruckmühl"]

1. c4 Nf6 2. Nc3 e6 3. Nf3 d5 4. e3 c6 5. b3 Be7 6. Be2 O-O 7. O-O Nbd7 8. d4 b6
9. Bb2 Bb7 10. Qc2 Rc8 11. Rad1 Qc7 12. Ne5 c5 13. f4 Ne4 14. Nxe4 dxe4 15.
Nxd7 Qxd7 16. dxc5 Qc6 17. cxb6 axb6 18. Bd4 Rfd8 19. Qb2 g6 20. Rd2 Bb4 21.
Rc2 Ra8 22. a4 Qe8 23. Bxb6 Rd6 24. c5 Rd5 25. Rd1 Rc8 26. Qc1 Qe7 27. c6 Rxd1+
28. Bxd1 Ba3 29. cxb7  1-0

[Event "34. Bayerische Senioren EM"]
[Site "Bergen im Chiemgau"]
[Date "2024.05.30"]
[Round "3.42"]
[White "Mahrla, Hans"]
[Black "Niedermaier, Peter"]
[Result "0-1"]
[BlackElo "1864"]
[BlackTeam "SU Ebersberg-Grafing"]
[EventDate "2024.??.??"]
[PlyCount "27"]
[WhiteElo "1689"]
[WhiteTeam "SC Eichenau"]

1. e4 c5 2. f4 d6 3. Nf3 Nc6 4. c3 Nf6 5. d3 g6 6. Be2 Bg7 7. O-O a6 8. a3 b5 9.
h3 e6 10. g4 h6 11. Nbd2 Bb7 12. Kh2 Qc7 13. Rg1 O-O-O 14. Qe1  0-1

[Event "34. Bayerische Senioren EM"]
[Site "Bergen im Chiemgau"]
[Date "2024.05.30"]
[Round "3.43"]
[White "Stronk, Klaus"]
[Black "Roß, Heinrich"]
[Result "1/2-1/2"]
[BlackElo "1743"]
[BlackTeam "SG Springer Burghaun"]
[EventDate "2024.??.??"]
[PlyCount "35"]
[WhiteElo "1836"]
[WhiteTeam "SK Freilassing"]

1. d4 d5 2. Nf3 c6 3. e3 Bg4 4. h3 Bxf3 5. Qxf3 Nf6 6. Bd3 Nbd7 7. c4 e6 8. Nc3
Bb4 9. O-O Be7 10. b3 a6 11. cxd5 cxd5 12. Bb2 Rb8 13. Rac1 Qa5 14. Bb1 O-O 15.
e4 dxe4 16. Nxe4 Nd5 17. Qg3 Rbc8 18. Nd6  1/2-1/2

[Event "34. Bayerische Senioren EM"]
[Site "Bergen im Chiemgau"]
[Date "2024.05.30"]
[Round "3.44"]
[White "Elbert, Helmut"]
[Black "Harke, Horst"]
[Result "0-1"]
[BlackElo "1830"]
[BlackTeam "SK Varel"]
[EventDate "2024.??.??"]
[PlyCount "79"]
[WhiteElo "1657"]
[WhiteTeam "SC-SF 1957 Stockstadt"]

1. d4 d5 2. c4 c6 3. e3 Nf6 4. Nc3 e6 5. Nf3 Be7 6. Bd3 O-O 7. O-O Nbd7 8. Re1
dxc4 9. Bxc4 Bb4 10. a3 Bxc3 11. bxc3 Qa5 12. Qc2 b5 13. Bd3 c5 14. Bd2 c4 15.
Be2 Bb7 16. Ne5 Be4 17. Qd1 Nxe5 18. dxe5 Nd7 19. f3 Bg6 20. f4 Nc5 21. Rf1
Rad8 22. Qc1 Bd3 23. Bd1 Bxf1 24. Kxf1 f6 25. Bc2 fxe5 26. Qd1 Nd3 27. g3 exf4
28. gxf4 e5 29. Qh5 exf4 30. exf4 Qb6 31. Qh4 Qb7 32. Kg1 Qe4 33. Re1 Qg6+ 34.
Kh1 Qf6 35. Qg3 Nxe1 36. Bxe1 Qxf4 37. Qg2 Qf3 38. Qxf3 Rxf3 39. Kg2 Re3 40.
Kf2  0-1

[Event "34. Bayerische Senioren EM"]
[Site "Bergen im Chiemgau"]
[Date "2024.05.30"]
[Round "3.45"]
[White "Brahn, Helmut"]
[Black "Krause, Marianne"]
[Result "1/2-1/2"]
[WhiteElo "1779"]
[BlackElo "1693"]
[PlyCount "68"]
[EventDate "2024.??.??"]
[WhiteTeam "SG Springer Burghaun"]
[BlackTeam "SK Freilassing"]

{[%evp 0,43,26,-16,39,15,25,-13,22,-7,-18,-18,3,-12,5,-9,-15,-12,12,5,5,-40,5,
-21,0,-26,9,-21,9,-50,-42,-42,-32,-20,-16,-42,18,5,5,9,-11,-22,54,76,51,25]} 1.
c4 c5 2. d3 Nf6 3. h3 b6 4. e3 Bb7 5. Nf3 g6 6. Be2 Bg7 7. Nc3 O-O 8. Bd2 e6 9.
O-O Nc6 10. a3 d6 11. Qc2 Rc8 12. Rac1 Qe7 13. Rfe1 Rfd8 14. Qb1 d5 15. cxd5
Nxd5 16. Nxd5 Rxd5 17. Bc3 Qd8 18. Bxg7 Kxg7 19. b4 cxb4 20. axb4 Rd7 21. b5
Na5 22. Ne5 Rdc7 23. Rxc7 Qxc7 24. Ng4 Qc3 25. Qa1 Qxa1 26. Rxa1 f6 27. d4 h5
28. Nh2 Rc7 29. Rb1 Bd5 30. Nf3 Rc2 31. Bd1 Rc7 32. h4 Kf7 33. Nd2 Ke7 34. e4
Ba8 1/2-1/2

[Event "34. Bayerische Senioren EM"]
[Site "Bergen im Chiemgau"]
[Date "2024.05.30"]
[Round "3.46"]
[White "Scheler, Heinz"]
[Black "Hülle, Gunter"]
[Result "0-1"]
[WhiteElo "1638"]
[BlackElo "1765"]
[PlyCount "94"]
[EventDate "2024.??.??"]
[WhiteTeam "SC Heilsbronn"]
[BlackTeam "SV Springer Leipzig"]

{[%evp 0,94,18,18,42,39,18,14,10,17,9,0,-15,-80,-85,-98,-106,-106,-105,-174,
-161,-315,-256,-493,-410,-439,-418,-629,-708,-883,-857,-970,-972,-970,-910,
-972,-998,-1014,-1005,-1005,-1008,-1036,-991,-998,-985,-1002,-985,-1008,-1012,
-1087,-1064,-1078,-1066,-1164,-1180,-1229,-1237,-1280,-1293,-1489,-1497,-1538,
-1545,-1732,-1808,-1874,-1713,-1729,-1869,-1950,-1896,-2323,-2040,-2136,-2350,
-2504,-2445,-3050,-3243,-3412,-2909,-3053,-1985,-29993,-29994,-29995,-29994,
-29995,-29990,-29993,-29992,-29993,-29994,-29995,-29996,-29999,-30000]} 1. e4
e6 2. Nf3 d5 3. e5 c5 4. Nc3 a6 5. d4 Nc6 6. h4 cxd4 7. Nxd4 Nxe5 8. Qh5 Bd6 9.
Rh3 Ng6 10. Be3 e5 11. Nf3 Bxh3 12. gxh3 d4 13. Nd5 Qa5+ 14. Nd2 Qxd5 15. Be2
dxe3 16. fxe3 Qh1+ 17. Nf1 Nf6 18. Qf3 Qxf3 19. Bxf3 e4 20. Be2 O-O 21. h5 Ne5
22. O-O-O Rfd8 23. Kb1 Bc5 24. Re1 Rd6 25. Ng3 g6 26. h6 Bxe3 27. Nf1 Bxh6 28.
Ng3 Rad8 29. Rg1 Be3 30. Rh1 Bf2 31. b3 Bxg3 32. Rg1 Bf2 33. Rg2 e3 34. Rg5
Nfd7 35. h4 f6 36. Rg2 Rd2 37. Bh5 Kf7 38. Bg4 Nxg4 39. Rxg4 e2 40. Re4 Nc5 41.
Rc4 e1=Q+ 42. Kb2 Nd3+ 43. Ka3 Qc1+ 44. Ka4 b5+ 45. Ka5 Qa3+ 46. Ra4 bxa4 47.
c3 axb3# 0-1

[Event "34. Bayerische Senioren EM"]
[Site "Bergen im Chiemgau"]
[Date "2024.05.31"]
[Round "4.1"]
[White "Christen, Pierre"]
[Black "Schrems, Hermann"]
[Result "1/2-1/2"]
[BlackElo "2069"]
[BlackTeam "SC Emmendingen"]
[EventDate "2024.??.??"]
[PlyCount "42"]
[WhiteElo "1928"]
[WhiteTeam "IGS Trier"]

1. c4 c5 2. g3 g6 3. Bg2 Bg7 4. Nc3 Nc6 5. Nf3 e6 6. d3 Nge7 7. Bg5 h6 8. Bd2 d6
9. a3 b6 10. Rb1 Bb7 11. O-O O-O 12. Qc1 Kh7 13. b4 Rb8 14. Rd1 Nd4 15. e4
Nxf3+ 16. Bxf3 Nc6 17. Ne2 Qe7 18. Bg2 Rfd8 19. Be3 Nd4 20. Nxd4 cxd4 21. Bd2
e5  1/2-1/2

[Event "34. Bayerische Senioren EM"]
[Site "Bergen im Chiemgau"]
[Date "2024.05.31"]
[Round "4.2"]
[White "Himmel, Hansjörg"]
[Black "Dijkstra; M"]
[Result "1-0"]
[WhiteElo "2189"]
[BlackElo "1984"]
[PlyCount "95"]
[EventDate "2024.??.??"]
[WhiteTeam "SV Kamen"]
[BlackTeam "SV Dubbelschaak"]

{[%evp 0,95,14,16,74,49,60,37,37,47,56,44,49,42,62,60,52,50,35,24,50,34,17,8,4,
-6,20,-6,-4,-4,22,26,30,30,63,95,115,82,64,73,73,58,45,46,71,67,95,110,131,92,
150,91,100,132,146,168,188,167,318,154,157,156,182,188,261,193,174,178,174,203,
211,128,119,128,95,108,150,159,167,172,196,184,255,264,264,271,296,283,435,365,
393,413,442,455,456,481,470,467]} 1. d4 f5 2. Bg5 h6 3. Bh4 g5 4. e3 Nf6 5. Bg3
d6 6. h4 Rg8 7. hxg5 hxg5 8. Nc3 e6 9. a3 Qe7 10. Bc4 a6 11. Qd2 Nbd7 12. f3
Nb6 13. Be2 Bd7 14. e4 f4 15. Bf2 Bc6 16. O-O-O Qf7 17. d5 exd5 18. Bxb6 cxb6
19. exd5 Bd7 20. Bc4 O-O-O 21. Nge2 b5 22. Bb3 Bg7 23. Nd4 Rh8 24. Rhe1 Bh6 25.
Na2 Kb8 26. Nc6+ Ka8 27. Nxd8 Rxd8 28. Nc3 Bf5 29. a4 bxa4 30. Nxa4 Nd7 31. Qb4
Qf6 32. Nb6+ Nxb6 33. Qxb6 Bg7 34. Ba4 Rc8 35. Re8 Rxe8 36. Bxe8 Qe7 37. Ba4
Qe3+ 38. Qxe3 fxe3 39. Re1 Bd4 40. c3 Bc5 41. Bc2 Bd7 42. Bd3 a5 43. Rh1 g4 44.
Rh7 gxf3 45. gxf3 Ba4 46. f4 e2 47. Kd2 Bb3 48. f5 1-0

[Event "34. Bayerische Senioren EM"]
[Site "Bergen im Chiemgau"]
[Date "2024.05.31"]
[Round "4.3"]
[White "Hartlieb, Jürgen"]
[Black "Dresen, Ulrich"]
[Result "0-1"]
[WhiteElo "1983"]
[BlackElo "2120"]
[PlyCount "92"]
[EventDate "2024.??.??"]
[WhiteTeam "SC Grunbach"]
[BlackTeam "Elberfelder SG"]

{[%evp 0,92,14,28,14,16,5,-22,-10,-18,-10,-41,-17,-14,-17,-18,-14,-6,1,-11,-10,
-14,-7,-33,-29,-51,-47,-45,-33,-37,-35,-75,-35,-32,-26,-39,-30,-29,-29,-29,-35,
-40,-12,-18,-11,-24,-15,-17,-24,-36,-27,-52,-44,-107,-91,-115,-92,-414,-195,
-195,-201,-206,-200,-183,-226,-219,-81,-71,-79,-75,-72,-81,-64,-88,-65,-102,
-54,-70,-69,-99,-29,-99,-43,-34,-27,-34,-39,-27,44,0,0,3,17,-1133,-1181]} 1.
Nf3 d5 2. e3 Nf6 3. b3 Bf5 4. Bb2 e6 5. c4 Nbd7 6. cxd5 exd5 7. Be2 Bd6 8. O-O
c6 9. d3 O-O 10. Nbd2 Re8 11. Re1 h6 12. Bf1 Qc7 13. Rc1 Bg6 14. h3 Rac8 15.
Nb1 Qb8 16. Nc3 Ne5 17. Nxe5 Bxe5 18. d4 Bh2+ 19. Kh1 Bd6 20. Bd3 Re6 21. Bxg6
fxg6 22. Qc2 Rce8 23. Re2 g5 24. Qf5 R8e7 25. Rce1 Qe8 26. a3 Ne4 27. Nxe4 Rxe4
28. Bc1 g6 29. Qf6 R4e6 30. Qf3 Rf7 31. Qg4 Re4 32. f4 Rf5 33. g3 a5 34. Bd2 b6
35. b4 a4 36. Qf3 Rf7 37. Rf2 Qd7 38. Kg2 h5 39. Qd1 gxf4 40. gxf4 Be7 41. Rg1
Bh4 42. Rf3 b5 43. Be1 Qe7 44. Bxh4 Qxh4 45. Rg3 Kh7 46. Rg5 Rxe3 0-1

[Event "34. Bayerische Senioren EM"]
[Site "Bergen im Chiemgau"]
[Date "2024.05.31"]
[Round "4.4"]
[White "Döserich, Jürgen"]
[Black "Gläser, Wilfried"]
[Result "1-0"]
[WhiteElo "1943"]
[BlackElo "2081"]
[PlyCount "109"]
[EventDate "2024.??.??"]
[WhiteTeam "SP Freiburg"]
[BlackTeam "SK Anderten"]

{[%evp 0,109,16,16,18,10,29,42,50,44,41,53,52,58,52,57,57,64,65,58,68,36,49,36,
36,18,16,5,-10,-26,-10,-51,-61,-45,-17,-25,10,-1,12,6,-24,-19,-4,-18,-12,-12,
31,26,54,24,18,0,46,43,51,22,67,77,80,90,81,80,80,86,83,84,80,71,58,63,71,66,
123,38,44,77,88,87,88,91,97,97,90,110,127,123,117,118,195,121,143,143,144,153,
135,150,160,160,162,153,171,171,181,181,181,181,174,183,1448,1870,2419,2771]} 
1. d4 Nf6 2. c4 c5 3. d5 e5 4. Nc3 d6 5. e4 Be7 6. Nf3 O-O 7. Bd3 Na6 8. h3 h6
9. Be3 Nh7 10. g3 Nc7 11. Qc2 Bd7 12. O-O-O Rb8 13. g4 b5 14. b3 bxc4 15. bxc4
Na6 16. a3 Qa5 17. Kd2 Rb7 18. Ke2 Rfb8 19. Nb5 Qd8 20. Bd2 Nc7 21. Ba5 Bxb5
22. cxb5 Qd7 23. a4 Na8 24. Nd2 Nf8 25. Nc4 Ng6 26. Bd2 Bd8 27. f3 Qe7 28. Rdg1
Rc8 29. h4 Nb6 30. Kf2 Nxc4 31. Bxc4 Nf4 32. g5 h5 33. Bxf4 exf4 34. Qc3 Qc7
35. e5 Qa5 36. Qxa5 Bxa5 37. g6 Bd2 38. gxf7+ Kxf7 39. e6+ Kf6 40. Ke2 Be3 41.
Rg5 Rh8 42. Rh2 Rh6 43. Rhg2 Rc7 44. Kd3 g6 45. Kc2 Bd4 46. Bd3 Rg7 47. Kb3 Ke7
48. Rxg6 Rhxg6 49. Rxg6 Rxg6 50. Bxg6 Bf6 51. a5 Kd8 52. Bxh5 Bxh4 53. Kc4 Be1
54. b6 axb6 55. a6 1-0

[Event "34. Bayerische Senioren EM"]
[Site "Bergen im Chiemgau"]
[Date "2024.05.31"]
[Round "4.5"]
[White "Jergler, Karl-Heinz"]
[Black "Jagdhuber, Hans"]
[Result "1-0"]
[BlackElo "1928"]
[BlackTeam "SK Rochade Augsburg"]
[EventDate "2024.??.??"]
[PlyCount "61"]
[WhiteElo "2079"]
[WhiteTeam "SC Rottal-Inn"]

1. e4 e6 2. d4 d5 3. Nc3 dxe4 4. Nxe4 Nd7 5. Nf3 Ngf6 6. Bg5 h6 7. Nxf6+ Nxf6 8.
Be3 Bd6 9. Bd3 O-O 10. Qe2 b6 11. O-O-O Bb7 12. Ne5 c5 13. h4 cxd4 14. Bxd4 Qc7
15. Rh3 Bc5 16. Bc3 Rfd8 17. Rg3 Rd5 18. Ng4 Kf8 19. Nxf6 Qf4+ 20. Kb1 gxf6 21.
Rf3 Qxh4 22. Bxf6 Qh5 23. Bc3 Rg5 24. Be4 Bxe4 25. Qxe4 Rd5 26. Rc1 Re8 27. g4
Qg5 28. Qh7 Qg8 29. Qxh6+ Ke7 30. Qf6+ Kf8 31. Rh3  1-0

[Event "34. Bayerische Senioren EM"]
[Site "Bergen im Chiemgau"]
[Date "2024.05.31"]
[Round "4.6"]
[White "Ghijsen, Pim"]
[Black "Kneutgen, Alexander"]
[Result "1/2-1/2"]
[BlackElo "2038"]
[BlackTeam "SG Niederkassel"]
[EventDate "2024.??.??"]
[PlyCount "48"]
[WhiteElo "2058"]
[WhiteTeam "VAS"]

1. d4 d5 2. Nf3 Nf6 3. Bf4 e6 4. e3 Bd6 5. Bg3 O-O 6. Bd3 c5 7. c3 Qc7 8. Ne5
Nbd7 9. f4 Ne4 10. Bxe4 dxe4 11. Nd2 f5 12. Ndc4 Be7 13. d5 Qd8 14. d6 Bf6 15.
Qd2 Bxe5 16. Nxe5 Nxe5 17. fxe5 Bd7 18. O-O Bb5 19. c4 Bd7 20. a3 a5 21. b4 Qb6
22. b5 Qd8 23. Qe2 b6 24. Qh5 Qe8  1/2-1/2